000
00234 a2200097 4500
001
43440
100
_a
Matlhiessen
245
_a
Oxford Book of American Verse
260
_a
New York
_b
Oxford University Press
_c
090
_c
27265
_d
27265
942
_a
NUST-CAE
_c
M
_c
19186
999
_c
278513
_d
278513